000 00282nam a2200097Ia 4500
001 662978
005 20250826160203.0
008 250824s9999 xx 000 0 und d
245 0 _aCumhuriyet Dönemi Yazarlarımızdan Çocuklara Hikayeler
_cHaz.Mehmet Seyda
260 _bAltın Kitaplar
999 _c662978
_d662978